| 000 | 00656nam a22002177a 4500 | ||
|---|---|---|---|
| 003 | koha_MIRAKIL | ||
| 005 | 20260414102544.0 | ||
| 008 | 260414b tur||||| |||| 00| 0 tur d | ||
| 020 | _a9789752208919 | ||
| 040 |
_aTR-IsEVY _btur _cTR-IsEVY |
||
| 041 | _atur | ||
| 082 | _aFIC MİA/B | ||
| 100 | _aMiandji, Anooshirvan | ||
| 245 | 0 |
_aBilge çiçek / _cAnooshirvan Miandji ; resimleyen Biğkem Karavus |
|
| 250 | _a12. bs. | ||
| 260 |
_aİstanbul : _bBilgi Çocuk Yayınları, _c2021. |
||
| 300 |
_a98 s. : _brenkli resimli ; _c19 cm. |
||
| 650 |
_aÇocuk Edebiyatı. _vÇocuk Romanı. |
||
| 700 | 1 |
_aKaravus, Biğkem _cresimleyen. |
|
| 942 |
_2ddc _cBK |
||
| 999 |
_c23457 _d23457 |
||